000 00286nam a22001097a 4500
008 160613b xxu||||| |||| 00| 0 eng d
020 _a9780781744652
041 _aeng
080 _a618.2
245 _aMedical surgical nursing recall;
_cTamara H. Bickston RN, BSN< CCTC;
942 _2udc
_cBK
999 _c2463
_d2463